The Sociology of Urban Communities, vol I (Record no. 612448)

MARC details
000 -LEADER
fixed length control field 00401nam a2200157 a 4500
008 - FIXED-LENGTH DATA ELEMENTS--GENERAL INFORMATION
fixed length control field 260214s2026##################000#0#eng##
020 ## - INTERNATIONAL STANDARD BOOK NUMBER
ISBN 9781582789909
Paper back/Hardbound hbk
041 ## - LANGUAGE CODE
Language code of text/sound track or separate title eng
082 04 - DEWEY DECIMAL CLASSIFICATION NUMBER
Classification number 307.76
Item number HAR.1
100 ## - MAIN ENTRY--AUTHOR NAME
Personal name Harloe, Michael
245 10 - TITLE STATEMENT
Title The Sociology of Urban Communities, vol I
Statement of responsibility, etc /Michael Harloe
504 ## - BIBLIOGRAPHY, ETC. NOTE
Bibliography, etc Includes index
650 ## - SUBJECT ADDED ENTRY--TOPICAL TERM
Topical Term Sociology
942 ## - ADDED ENTRY ELEMENTS (KOHA)
Koha item type Reference
Holdings
Withdrawn status Lost status Damaged status Not for loan Home library Current library Shelving location Date acquired Full call number Accession Number Price effective from Koha item type
        Anna Centenary Library Anna Centenary Library 3RD FLOOR, B WING 14.02.2026 307.76 HAR.1 358499 14.02.2026 Reference

Find us on the map